[Event "Tourn. n9604"]
[Site "www.chess-mail.com"]
[Date "2017.11.28"]
[Round "1"]
[White "Fantomas"]
[Black "Add"]
[WhiteElo "2170"]
[BlackElo "2190"]
[Result "1-0"]
[Round "1"]
1.d4 d5
2.Ng1f3 h6
3.Bc1f4 Nb8c6
4.h3 Ng8f6
5.e3 a6
6.a3 Bc8f5
7.Bf1d3 Bf5xd3
8.Qd1xd3 e6
9.Nb1d2 Bf8d6
10.Bf4xd6 Qd8xd6
11.O-O g5
12.c4 dxc4
13.Nd2xc4 Qd6d5
14.Ra1c1 Nf6e4
15.Nc4e5 f5
16.Ne5xc6 bxc6
17.Nf3e5 c5
18.Rc1c4 cxd4
19.exd4 Qd5b7
20.b4 Ne4d6
21.Rc4c6 O-O
22.Rf1c1 Ra8c8
23.Rc6xa6 Rf8e8
24.Ne5d7 Kf7
25.Nd7c5 Qb7b5
26.Qd3xb5 Nd6xb5
27.Rc1d1 Nb5c3
28.Rd1d3 Nc3d5
29.g3 Re8e7
30.Ra6c6 h5
31.Nc5b7 Re7d7
32.Nb7c5 Rd7e7
33.Nc5b3 Rc8a8
34.Nb3a5 Ra8b8
35.Rd3b3 g4
36.b5 Rb8b6
37.h4 e5
38.Rc6c5 Rb6d6
39.Na5c4 Rd6d7
40.Nc4xe5 Re7xe5
41.dxe5 Nd5b6
42.Rb3e3 Rd7e7
43.Kf1 Nb6a4
44.Rc5c6 Na4b6
45.Rc6f6 Kg7
46.Rf6xf5 Kg6
47.Rf5g5 Kh6
48.Re3e4 Re7e6
49.a4 { resign }
1-0

[Event "Tourn. n9587"]
[Site "www.chess-mail.com"]
[Date "2017.11.28"]
[Round "1"]
[White "Norlavuaram"]
[Black "Falcoale"]
[WhiteElo "2160"]
[BlackElo "2010"]
[Result "1-0"]
[Round "1"]
1.e4 c5
2.Ng1f3 Nb8c6
3.d4 cxd4
4.Nf3xd4 a6
5.Nb1c3 e6
6.Bc1e3 Ng8f6
7.Bf1e2 d6
8.Qd1d2 Bf8e7
9.O-O O-O
10.f4 d5
11.exd5 Nc6xd4
12.dxe6 Nd4xe2
13.Qd2xe2 Bc8xe6
{ time. }
1-0

[Event "Tourn. n9617"]
[Site "www.chess-mail.com"]
[Date "2017.11.28"]
[Round "1"]
[White "Pdebonis"]
[Black "Apdash"]
[WhiteElo "2700"]
[BlackElo "2310"]
[Result "1-0"]
[Round "1"]
1.d4 d5
2.c4 g6
3.cxd5 Qd8xd5
4.Nb1c3 Qd5d8
5.e4 Bf8g7
6.Ng1f3 Bc8g4
7.Bc1e3 Ng8f6
8.Qd1b3 Bg4xf3
9.gxf3 b6
10.e5 Nf6h5
11.f4 Bg7h6
12.f5 Bh6g7
13.Rh1g1 Qd8d7
14.Bf1c4 Qd7xf5
15.Rg1g5 Qf5h3
16.Bc4xf7 Kf8
17.Bf7e6 Qh3xh2
18.Qb3d5 Bg7h6
19.Qd5d8 { resign }
1-0

[Event "Tourn. n9557"]
[Site "www.chess-mail.com"]
[Date "2017.11.28"]
[Round "1"]
[White "Tonino1"]
[Black "Tartan"]
[WhiteElo "2230"]
[BlackElo "2490"]
[Result "0-1"]
[Round "1"]
1.d4 Ng8f6
2.f4 c5
3.e3 b6
4.Ng1f3 Bc8b7
5.Bf1d3 g6
6.c3 Bf8g7
7.Nb1d2 O-O
8.O-O d5
9.Qd1e2 Nb8d7
10.Nf3e5 Nf6e4
11.Nd2xe4 dxe4
12.Bd3c2 Qd8c7
13.g4 Ra8d8
14.Qe2g2 Bb7a6
15.Rf1f2 Nd7xe5
16.fxe5 Ba6d3
17.Bc2xd3 exd3
18.Bc1d2 f6
19.e6 Qc7d6
20.Qg2e4 c4
21.a4 Rd8c8
22.d5 Rc8c5
23.b3 cxb3
24.Qe4xd3 Rc5xd5
25.Qd3e2 Rf8d8
26.Bd2e1 Qd6xe6
27.h3 Bg7h6
28.Rf2f3 Qe6e4
29.Kf2 Bh6g5
30.Kg2 Qe4c2
31.Qe2xc2 bxc2
32.Ra1c1 Rd5d1
 { time }
0-1

[Event "Tourn. n9608"]
[Site "www.chess-mail.com"]
[Date "2017.11.28"]
[Round "1"]
[White "Joaodelisboa"]
[Black "Ssharp"]
[WhiteElo "2080"]
[BlackElo "2240"]
[Result "0-1"]
[Round "1"]
1.e4 e6
2.d4 d5
3.exd5 exd5
4.Ng1f3 Ng8f6
5.Bf1d3 Bf8d6
6.O-O O-O
7.Bc1g5 h6
8.Bg5h4 Rf8e8
9.Nb1c3 c6
10.Rf1e1 Re8xe1
11.Qd1xe1 g5
12.Bh4g3 Bd6xg3
13.fxg3 Bc8e6
14.Qe1d2 Qd8f8
15.Ra1f1 Nb8d7
16.Rf1e1 Ra8e8
17.a3 Qf8g7
18.Nf3e5 Nd7xe5
19.Re1xe5 Kf8
20.Nc3a4 Nf6g4
21.Qd2e2 Ng4xe5
22.dxe5 Be6c8
{ resign }
0-1

[Event "Tourn. n9587"]
[Site "www.chess-mail.com"]
[Date "2017.11.28"]
[Round "1"]
[White "Falcoale"]
[Black "Luban"]
[WhiteElo "2010"]
[BlackElo "2090"]
[Result "0-1"]
[Round "1"]
1.e4 c5
2.Ng1f3 d6
3.Bf1c4 a6
4.a3 e6
5.O-O Nb8c6
6.c3 Ng8f6
7.d3 h6
8.Bc1f4 Bf8e7
9.Rf1e1 b5
10.Bc4a2 Bc8b7
11.Qd1e2 O-O
12.Nb1d2 a5
13.Nd2f1 b4
14.axb4 axb4
15.Nf1e3 Bb7a6
16.c4 Qd8b6
17.b3 Nf6d7
18.h3 Be7f6
19.Bf4xd6 Rf8e8
20.Ra1d1 Nc6d4
21.Nf3xd4 cxd4
22.Ne3g4 { time. }
0-1

[Event "Tourn. n9437"]
[Site "www.chess-mail.com"]
[Date "2017.11.28"]
[Round "1"]
[White "Jose"]
[Black "Fieldfast"]
[WhiteElo "2800"]
[BlackElo "2430"]
[Result "1-0"]
[Round "1"]
1.d4 Ng8f6
2.c4 e6
3.g3 Bf8b4
4.Bc1d2 Bb4xd2
5.Qd1xd2 d5
6.Bf1g2 c6
7.Ng1f3 Nb8d7
8.O-O O-O
9.Rf1c1 b6
10.cxd5 cxd5
11.Nb1c3 Bc8a6
12.a4 Ra8c8
13.Nc3b5 Nf6e4
14.Qd2e3 Ba6xb5
15.axb5 Ne4d6
16.Qe3b3 Rc8xc1
17.Ra1xc1 Qd8b8
18.Bg2f1 Rf8c8
19.Rc1c6 a6
20.Rc6xc8 Qb8xc8
21.bxa6 Qc8xa6
22.e4 Qa6b7
23.e5 Nd6c8
24.Qb3c2 Nc8a7
25.Qc2c3 Na7c6
26.Kg2 h6
27.Bf1b5 Nc6a7
28.Bb5e2 Na7c6
29.h4 b5
30.g4 b4
31.Qc3c1 Qb7b6
32.Qc1e3 Nd7f8
33.h5 Nf8h7
34.Qe3c1 Kf8
35.Qc1c5 Qb6xc5
36.dxc5 Ke7
37.Be2b5 Nc6a7
38.Bb5a4 Kd8
39.Nf3d4 Nh7f8
40.Nd4c2 b3
41.Nc2e1 Nf8d7
42.Ne1d3 Kc7
43.Ba4xb3 Na7c6
44.f4 f6
45.exf6 Nd7xf6
46.Bb3d1 Nf6e4
47.Kf3 Ne4d2
48.Ke2 Nd2e4
49.Ke3 Nc6a5
50.b4 { resign }
1-0

[Event "Tourn. n9437"]
[Site "www.chess-mail.com"]
[Date "2017.11.28"]
[Round "1"]
[White "Fieldfast"]
[Black "Seger"]
[WhiteElo "2430"]
[BlackElo "2700"]
[Result "0-1"]
[Round "1"]
1.d4 d5
2.Ng1f3 Ng8f6
3.c4 dxc4
4.e3 c5
5.Bf1xc4 cxd4
6.exd4 e6
7.Nb1c3 Bf8e7
8.O-O Nb8c6
9.a3 O-O
10.Rf1e1 b6
11.d5 Nc6a5
12.Bc4a2 Nf6xd5
13.Nc3xd5 exd5
14.Qd1xd5 Bc8e6
15.Qd5xd8 Ra8xd8
16.Ba2xe6 fxe6
17.Re1xe6 Rd8d1
18.Re6e1 Rd1xe1
19.Nf3xe1 Rf8d8
20.Bc1f4 Na5c4
21.Ra1b1 Be7f6
22.Rb1c1 Nc4xb2
23.Kf1 Rd8d4
24.Bf4b8 a5
25.Bb8c7 Nb2c4
26.Ne1f3 Rd4e4
27.a4 Kf7
28.g3 Ke8
29.Rc1c2 Kd7
30.Bc7f4 h6
31.h4 Nc4b2
32.Nf3e5 Bf6xe5
33.Bf4xe5 Re4xe5
34.Rc2xb2 Kc6
35.f4 Re5c5
36.Kf2 Rc5c4
37.Rb2e2 Rc4xa4
38.Re2e6 Kc5
39.Re6g6 b5
40.Rg6xg7 Ra4d4
41.f5 a4
42.Rg7a7 Rd4d8
43.f6 Kb6
{ resign }
0-1

[Event "Tourn. n9588"]
[Site "www.chess-mail.com"]
[Date "2017.11.28"]
[Round "1"]
[White "Jjmcbride"]
[Black "Pachi"]
[WhiteElo "1610"]
[BlackElo "1630"]
[Result "1-0"]
[Round "1"]
1.e4 e5
2.Ng1f3 Bf8d6
3.Bf1e2 Ng8f6
4.d4 Nf6xe4
5.dxe5 Bd6c5
6.Bc1e3 b6
7.e6 O-O
8.Be2d3 d5
9.h4 Bc5xe3
10.fxe3 Bc8xe6
11.O-O Be6g4
12.Qd1e1 Bg4xf3
13.Rf1xf3 g5
14.Rf3h3 Nb8c6
15.Bd3xe4 dxe4
16.Nb1c3 Rf8e8
17.hxg5 Qd8xg5
18.Rh3g3 h6
19.Nc3d5 Kf8
20.Rg3xg5 hxg5
21.Nd5xc7 Ra8d8
22.Nc7xe8 Rd8xe8
23.Ra1d1 Nc6b4
24.Qe1xb4 Re8e7
25.Rd1d7 { resign }
1-0

[Event "Match"]
[Site "www.echecsemail.com"]
[Date "2017.11.28"]
[Round "1"]
[White "Mitja"]
[Black "Bojan"]
[WhiteElo "2010"]
[BlackElo "1990"]
[Result "0-1"]
[Round "1"]
1.d4 d5
2.e3 Bc8d7
3.c3 g6
4.Ng1f3 Bf8g7
5.h3 a6
6.Nb1d2 Ng8f6
7.Bf1e2 Nf6e4
8.Nd2xe4 dxe4
9.Nf3d2 f5
10.Nd2b3 Bd7e6
11.Nb3d2 b5
12.b4 Be6f7
13.Bc1b2 Nb8d7
14.a4 c6
15.axb5 axb5
16.Ra1xa8 Qd8xa8
17.O-O O-O
18.Qd1c2 e5
19.Rf1a1 Qa8b7
20.Nd2b3 Rf8a8
21.Ra1xa8 Qb7xa8
22.Nb3c5 Nd7b6
23.dxe5 Bg7xe5
24.Bb2c1 Qa8a1
25.Qc2b2 Be5xc3
26.Qb2xa1 Bc3xa1
27.Kf1 Ba1c3
28.Bc1a3 Nb6d5
29.Nc5a6 Bf7e8
30.Be2d1 Kf8
31.Bd1b3 Ke7
32.Bb3xd5 cxd5
33.Na6c7 Be8c6
34.Nc7a6 Kd6
35.Na6c5 d4
36.exd4 Bc3xd4
37.Nc5b3 Bd4e5
38.Ke2 Kd5
39.Nb3d2 g5
40.f3 Kd4
41.Ba3b2 Kd5
42.Bb2xe5 Kxe5
43.fxe4 Bc6xe4
44.Nd2xe4 Kxe4
45.g3 h5
46.Kf2 f4
47.gxf4 Kxf4
48.Kg2 Ke4
{ resign }
0-1

[Event "Match"]
[Site "www.echecsemail.com"]
[Date "2017.11.28"]
[Round "1"]
[White "Joaodelisboa"]
[Black "Krystek23"]
[WhiteElo "2019"]
[BlackElo "2460"]
[Result "0-1"]
[Round "1"]
1.e4 c5
2.Ng1f3 e6
3.d4 cxd4
4.Nf3xd4 Nb8c6
5.Nd4xc6 bxc6
6.Nb1c3 Ng8f6
7.Bf1d3 Qd8c7
8.O-O a6
9.a3 Bf8e7
10.Bc1e3 d5
11.Qd1f3 Be7d6
12.h3 O-O
13.Be3g5 Nf6d7
14.exd5 cxd5
15.Qf3h5 f5
16.Qh5e2 Nd7c5
17.b4 Nc5e4
18.Bd3xe4 fxe4
19.Nc3a2 Bc8b7
20.Ra1c1 h6
21.Bg5e3 Bd6h2
22.Kh1 Bh2e5
23.Qe2g4 Rf8f6
24.c3 Bb7c6
25.Be3d4 Bc6b5
26.Rf1d1 Bb5c4
27.Rd1d2 Be5xd4
28.cxd4 Ra8f8
29.Kg1 e3
{ resign }
0-1

[Event "Match"]
[Site "www.echecsemail.com"]
[Date "2017.11.28"]
[Round "1"]
[White "Passaroa25"]
[Black "Claymil"]
[WhiteElo "1680"]
[BlackElo "2120"]
[Result "0-1"]
[Round "1"]
1.c3 c5
2.e4 Nb8c6
3.f3 g6
4.Bf1c4 e6
5.Ng1e2 Bf8g7
6.d3 Ng8e7
7.Nb1d2 O-O
8.Ne2g3 a6
9.O-O b5
10.Bc4b3 d5
11.Bb3c2 d4
12.Ng3e2 e5
13.Nd2b3 c4
14.Nb3c5 Qd8b6
15.b4 cxb3
16.Bc2xb3 Qb6xc5
17.Bc1g5 h6
18.Bg5d2 Kh7
19.Bd2e1 f5
20.Be1d2 dxc3
21.Kh1 cxd2
22.Qd1xd2 Bc8b7
23.Ne2c3 f4
24.Nc3e2 Ra8d8
25.Ra1c1 Qc5d6
26.Ne2c3 Nc6d4
27.Bb3d5 Ne7xd5
28.exd5 Bb7xd5
29.Rf1f2 Nd4f5
30.g4 Nf5e3
31.Nc3e4 Bd5xe4
32.fxe4 Ne3xg4
33.Rf2g2 Ng4e3
34.Rg2g1 Qd6xd3
35.Qd2xd3 Rd8xd3
36.Rc1c6 Rf8f6
37.Rc6c5 Rf6d6
38.h4 h5
39.Rc5c1 Rd3d2
40.a3 Ne3g4
41.Rg1g2 Rd2xg2
42.Kxg2 Rd6d2
43.Kh3 Rd2h2

0-1

[Event "Match"]
[Site "www.echecsemail.com"]
[Date "2017.11.28"]
[Round "1"]
[White "Chapi"]
[Black "Gidi5"]
[WhiteElo "2200"]
[BlackElo "2360"]
[Result "0-1"]
[Round "1"]
1.d4 Ng8f6
2.c4 e6
3.Nb1c3 Bf8b4
4.Ng1f3 O-O
5.Bc1d2 c5
6.dxc5 Bb4xc5
7.Nf3g5 d5
8.cxd5 exd5
9.g3 h6
10.Ng5f3 Nb8c6
11.Bf1g2 d4
12.Nc3a4 Bc5d6
13.O-O Ra8b8
14.Ra1c1 Bc8d7
15.Na4c5 Bd7c8
16.Rc1c4 Qd8b6
17.Qd1c2 Rf8e8
18.Rf1e1 Bc8g4
19.e3 Bg4xf3
20.exd4 Nc6xd4
21.Qc2c1 Re8xe1
{ resign }
0-1

[Event "Match"]
[Site "www.echecsemail.com"]
[Date "2017.11.28"]
[Round "1"]
[White "Gidi5"]
[Black "Micheles"]
[WhiteElo "1499"]
[BlackElo "2520"]
[Result "0-1"]
[Round "1"]
1.e4 c6
2.Nb1c3 d5
3.Ng1f3 Bc8g4
4.h3 Bg4xf3
5.Qd1xf3 e6
6.exd5 cxd5
7.Bf1b5 Nb8c6
8.O-O Bf8e7
9.d3 Ng8f6
10.Bb5xc6 bxc6
11.Nc3e2 O-O
12.Ne2d4 Ra8c8
13.Rf1d1 c5
14.Nd4e2 c4
15.dxc4 Rc8xc4
16.c3 Qd8c7
17.b3 Rc4c6
18.Bc1f4 e5
19.Bf4h2 Be7d6
20.Qf3f5 Qc7e7
21.Bh2g3 Qe7e6
22.Qf5xe6 fxe6
23.Ra1c1 Nf6e4
24.f3 Ne4xg3
25.Ne2xg3 e4
26.Ng3e2 exf3
27.Ne2d4 Bd6c5
28.gxf3 e5
29.b4 Bc5b6
30.a4 Rf8c8
{ resign }
0-1

[Event "Match"]
[Site "www.echecsemail.com"]
[Date "2017.11.28"]
[Round "1"]
[White "Numanoid"]
[Black "Luzhin"]
[WhiteElo "2380"]
[BlackElo "2380"]
[Result "1-0"]
[Round "1"]
1.d4 Ng8f6
2.Bc1g5 c5
3.Bg5xf6 exf6
4.Nb1c3 cxd4
5.Qd1xd4 Nb8c6
6.Qd4e4 Bf8e7
7.e3 { resign }
1-0

[Event "Match"]
[Site "www.echecsemail.com"]
[Date "2017.11.28"]
[Round "1"]
[White "Cgragsdale"]
[Black "Hansolo64"]
[WhiteElo "1499"]
[BlackElo "1499"]
[Result "1-0"]
[Round "1"]
1.e4 d5
2.f3 dxe4
3.fxe4 e5
4.Qd1h5 Qd8f6
5.c4 c5
6.d3 Nb8c6
7.b3 g6
8.Qh5g4 Bc8xg4
9.Bc1h6 O-O-O
10.Nb1c3 Bf8xh6
11.Ra1c1 Nc6d4
12.h3 a6
{ time. }
1-0

[Event "Match"]
[Site "www.echecsemail.com"]
[Date "2017.11.28"]
[Round "1"]
[White "Numanoid"]
[Black "Gidi5"]
[WhiteElo "2360"]
[BlackElo "2309"]
[Result "1-0"]
[Round "1"]
1.d4 Ng8f6
2.Bc1g5 Nf6e4
3.Bg5f4 c5
4.d5 d6
5.f3 Ne4f6
6.e4 Nb8d7
7.c4 g6
8.Ng1e2 Bf8g7
9.Ne2c3 O-O
10.Nb1a3 Nf6h5
11.Bf4d2 e6
12.g3 exd5
13.cxd5 f5
14.Na3c4 Nd7e5
15.Nc4xe5 Bg7xe5
16.f4 Nh5xf4
17.Bd2xf4 Be5xf4
18.gxf4 Qd8h4
19.Kd2 Qh4xf4
20.Kc2 fxe4
21.Bf1e2 Bc8f5
22.Kb3 b5
23.a3 c4
24.Ka2 Rf8b8
25.Qd1d4 a5
26.Ra1f1 Qf4e5
27.Qd4xe5 dxe5
28.Rh1g1 Kh8
29.Be2g4 b4
30.Nc3d1 b3
31.Ka1 Rb8f8
32.Nd1e3 Bf5xg4
33.Ne3xg4 Rf8xf1
34.Rg1xf1 Ra8e8
35.d6 Kg7
36.d7 Re8d8
37.Ng4xe5 e3
38.Rf1e1 a4
39.Re1xe3 Kf6
40.Kb1 { resign }
1-0

[Event "Tourn. n9625"]
[Site "www.chess-mail.com"]
[Date "2017.11.29"]
[Round "1"]
[White "Joaodelisboa"]
[Black "Mitja"]
[WhiteElo "2140"]
[BlackElo "2000"]
[Result "1-0"]
[Round "1"]
1.e4 d5
2.exd5 Qd8xd5
3.Nb1c3 Qd5d8
4.d4 e6
5.Ng1f3 c6
6.Bf1e2 h6
7.O-O Ng8f6
8.a3 Bf8e7
9.h3 Nb8d7
10.Bc1f4 Nd7b6
11.Rf1e1 Nf6d5
12.Nc3xd5 Nb6xd5
13.Bf4g3 O-O
14.c4 Nd5f6
15.Ra1c1 b6
16.Nf3e5 Bc8b7
17.Be2f3 Qd8c8
18.Qd1a4 c5
19.Ne5c6 Bb7xc6
20.Bf3xc6 Ra8b8
21.dxc5 bxc5
22.Bg3xb8 Qc8xb8
23.Bc6b5 Be7d6
24.Rc1d1 Bd6c7
25.b4 cxb4
26.axb4 Rf8d8
27.Rd1xd8 Bc7xd8
28.Re1d1 Bd8c7
29.Bb5c6 Qb8b6
30.Rd1a1 Bc7g3
31.c5 Bg3xf2
32.Kxf2 { resign }
1-0

[Event "Tourn. n9486"]
[Site "www.chess-mail.com"]
[Date "2017.11.29"]
[Round "1"]
[White "Karousek"]
[Black "Andychesston"]
[WhiteElo "2090"]
[BlackElo "2080"]
[Result "1-0"]
[Round "1"]
1.e4 e5
2.Ng1f3 Nb8c6
3.Bf1b5 d6
4.c3 a6
5.Bb5a4 Bc8e6
6.O-O b5
7.Ba4c2 Ng8f6
8.Rf1e1 Be6g4
9.d4 Bf8e7
10.d5 Nc6a5
11.Qd1d3 h6
12.Nb1d2 Nf6h5
13.Nd2f1 Nh5f4
14.Bc1xf4 exf4
15.e5 Bg4xf3
16.exd6 Qd8xd6
17.Qd3xf3 g5
18.Qf3e4 Na5c4
19.b3 Nc4a3
20.Bc2d3 Kd7
21.Qe4f5 Kd8
22.Nf1d2 Qd6f6
23.d6 Qf6xd6
24.Nd2e4 Qd6e6
25.Ne4f6 Qe6xf5
26.Bd3xf5 c6
27.Ra1d1 Be7d6
28.Rd1xd6 Kc7
29.Rd6d7 Kb6
30.Re1e7 Ra8d8
31.b4 Rd8xd7
32.Nf6xd7 Kc7
33.Nd7c5 Kd6
34.Re7xf7 Rh8e8
35.h4 Kd5
36.Bf5d3 Na3c4
37.Bd3e4 Ke5
38.Be4xc6 Re8d8
39.Rf7e7 Kf5
40.Bc6d7 Kg6
41.Re7e6 Kh5
42.hxg5 hxg5
43.Re6xa6 g4
44.Ra6f6 Rd8a8
45.Bd7xb5 Nc4a3
46.Bb5c6 Ra8c8
47.Bc6e4 Rc8d8
48.Nc5e6 Rd8d1
49.Kh2 Na3c4
50.Be4g6 Kh4
51.g3 fxg3
52.fxg3 
1-0

[Event "Tourn. n9602"]
[Site "www.chess-mail.com"]
[Date "2017.11.29"]
[Round "1"]
[White "Prize64"]
[Black "Claymil"]
[WhiteElo "2020"]
[BlackElo "2090"]
[Result "1-0"]
[Round "1"]
1.e4 c5
2.Ng1f3 Nb8c6
3.d4 cxd4
4.Nf3xd4 g6
5.c4 Bf8g7
6.Bc1e3 a6
7.Nb1c3 e6
8.Qd1d2 b6
9.b3 Bc8b7
10.Bf1e2 Ra8c8
11.O-O Qd8c7
12.Ra1c1 h5
13.Nc3b5 axb5
14.cxb5 Qc7e5
15.bxc6 dxc6
16.Nd4f3 Qe5xe4
17.Be3xb6 Bg7h6
18.Bb6e3 Rc8d8
19.Qd2c3 f6
20.Be3xh6 Rh8xh6
21.Rf1e1 Qe4f5
22.Be2c4 Bb7c8
23.Nf3d4 Qf5c5
24.Nd4xe6 Bc8xe6
25.Re1xe6 Kf8
26.Re6xf6 Ng8xf6
27.Qc3xf6 Ke8
28.Qf6f7 { resign }
1-0

[Event "Tourn. n9610"]
[Site "www.chess-mail.com"]
[Date "2017.11.29"]
[Round "1"]
[White "Orhany24"]
[Black "Apdash"]
[WhiteElo "2130"]
[BlackElo "2280"]
[Result "1-0"]
[Round "1"]
1.e4 c5
2.Ng1f3 Nb8c6
3.d4 cxd4
4.Nf3xd4 e5
5.Nd4xc6 bxc6
6.c4 Bf8c5
7.Nb1c3 a5
8.Bf1d3 Qd8f6
9.O-O Bc8b7
10.Qd1e2 a4
11.Bc1e3 Bc5b4
12.Ra1c1 Ng8e7
13.f4 exf4
14.Rf1xf4 Qf6e5
15.Rf4g4 a3
16.Rg4g5 Qe5f6
17.e5 Qf6e6
18.b3 O-O-O
19.Nc3a4 Ne7g6
20.Na4b6 Kc7
21.c5 Rh8e8
22.Nb6c4 f6
23.Bd3f5 Qe6f7
24.Nc4d6 Qf7e7
25.Rg5g4 Ng6xe5
26.Rg4xb4 Rd8b8
27.Rb4xb7 Rb8xb7
28.Qe2a6 Re8b8
29.Be3d2 Rb7b5
30.Bd2a5 { resign }
1-0

[Event "Tourn. n9582"]
[Site "www.chess-mail.com"]
[Date "2017.11.29"]
[Round "1"]
[White "Coolant"]
[Black "Greghghs"]
[WhiteElo "2340"]
[BlackElo "2570"]
[Result "0-1"]
[Round "1"]
1.Nb1c3 d5
2.d4 c6
3.e4 dxe4
4.Nc3xe4 Bc8f5
5.Ne4g3 Bf5g6
6.f4 e6
7.h4 h6
8.Ng1f3 Ng8f6
9.h5 Bg6h7
10.Bf1d3 Bh7xd3
11.Qd1xd3 c5
12.Bc1e3 Qd8a5
13.Be3d2 Qa5a6
14.Qd3xa6 Nb8xa6
15.O-O-O cxd4
16.Nf3xd4 Ra8d8
17.c3 Bf8c5
18.Nd4b3 Nf6g4
19.Ng3e4 Bc5b6
20.Rd1f1 f5
21.Ne4g3 Kf7
22.Rf1f3 Rd8d6
23.Ng3e2 Rh8c8
24.Kb1 Na6c5
25.Ne2d4 Nc5e4
26.Bd2e3 a5
27.Rh1d1 a4
28.Nb3c1 Rc8xc3
29.bxc3 Ne4xc3
30.Kc2 Nc3xd1
31.Kxd1 Bb6xd4
32.Be3xd4 Rd6xd4
33.Kc2 Ng4f6
{ resign }
0-1

[Event "Tourn. n9568"]
[Site "www.chess-mail.com"]
[Date "2017.11.29"]
[Round "1"]
[White "Apdash"]
[Black "Goofy"]
[WhiteElo "2160"]
[BlackElo "2280"]
[Result "0-1"]
[Round "1"]
1.d4 e6
2.e4 d5
3.exd5 exd5
4.Ng1f3 Bf8d6
5.Bf1e2 c6
6.Bc1g5 Ng8e7
7.O-O O-O
8.c4 dxc4
9.Be2xc4 Qd8c7
10.h3 Ne7g6
11.Nb1c3 h6
12.Bg5e3 Nb8d7
13.Qd1d3 Ng6e7
14.Qd3e4 Nd7f6
15.Qe4c2 Bc8f5
16.Qc2d2 Nf6e4
17.Nc3xe4 Bf5xe4
18.Qd2d1 Ra8e8
19.Ra1c1 Ne7d5
20.Nf3d2 Bd6h2
21.Kh1 Be4xg2
22.Kxg2 Nd5xe3
23.Kh1 Ne3xd1
24.Rc1xd1 Bh2d6
{ resign }
0-1

[Event "Tourn. n9598"]
[Site "www.chess-mail.com"]
[Date "2017.11.29"]
[Round "1"]
[White "Claymil"]
[Black "Jackbauer"]
[WhiteElo "2080"]
[BlackElo "1930"]
[Result "1-0"]
[Round "1"]
1.c4 d5
2.cxd5 Qd8xd5
3.Nb1c3 Qd5d8
4.g3 Ng8f6
5.Bf1g2 c6
6.Qd1c2 e5
7.e3 Bf8d6
8.Ng1e2 g6
9.O-O Bc8f5
10.e4 Bf5e6
11.d4 O-O
12.Rf1d1 Nb8d7
13.b3 a6
14.Bc1b2 Nd7b6
15.Ra1c1 Qd8c8
16.Qc2d2 Rf8d8
17.d5 cxd5
18.Nc3xd5 Nb6xd5
19.Rc1xc8 Ra8xc8
20.exd5 Be6f5
21.h3 Rc8c5
22.g4 Bf5e4
23.Ne2c3 Be4xg2
24.Kxg2 b5
25.Qd2g5 Kg7
26.Nc3e4 Bd6e7
27.Ne4xc5 Be7xc5
28.Bb2xe5 Bc5e7
29.Qg5f4 Rd8d7
30.g5 { resign }
1-0

[Event "Tourn. n9570"]
[Site "www.chess-mail.com"]
[Date "2017.11.29"]
[Round "1"]
[White "Julian"]
[Black "Osopanda"]
[WhiteElo "1510"]
[BlackElo "1620"]
[Result "0-1"]
[Round "1"]
1.d4 d5
2.c4 c6
3.cxd5 cxd5
4.Nb1c3 Nb8c6
5.Ng1f3 Bc8g4
6.e3 e5
7.dxe5 Bf8b4
8.Bf1b5 Ng8e7
9.O-O O-O
10.h3 Bg4f5
11.Nf3d4 Nc6xd4
12.exd4 a6
13.Bb5d3 Bf5xd3
14.Qd1xd3 Ra8c8
15.Bc1g5 Qd8d7
16.f4 Ne7f5
17.g4 Nf5e7
18.f5 Ne7c6
19.Ra1e1 Nc6xd4
20.e6 fxe6
21.fxe6 Rf8xf1
22.Qd3xf1 Qd7e8
23.Re1e5 Bb4xc3
24.bxc3 Nd4xe6
25.Qf1f5 Rc8c6
26.Re5xd5 Ne6xg5
27.Qf5xg5 Qe8e1
 { time }
0-1

[Event "Tourn. n9614"]
[Site "www.chess-mail.com"]
[Date "2017.11.29"]
[Round "1"]
[White "Prize64"]
[Black "Orhany24"]
[WhiteElo "2030"]
[BlackElo "2130"]
[Result "1-0"]
[Round "1"]
1.e4 e5
2.Ng1f3 Nb8c6
3.Bf1c4 Ng8f6
4.d3 d5
5.exd5 Nf6xd5
6.O-O Bf8e7
7.c3 Nd5f6
8.Rf1e1 Bc8g4
9.h3 Bg4f5
10.Nf3xe5 O-O
11.Ne5xc6 bxc6
12.Qd1f3 Qd8d7
13.Bc1g5 Rf8e8
14.Nb1d2 Nf6d5
15.Bc4xd5 cxd5
16.Bg5xe7 { resign }
1-0

[Event "Tourn. n9620"]
[Site "www.chess-mail.com"]
[Date "2017.11.29"]
[Round "1"]
[White "Pdebonis"]
[Black "Gidi5"]
[WhiteElo "2690"]
[BlackElo "2310"]
[Result "1-0"]
[Round "1"]
1.e4 e5
2.f4 exf4
3.Ng1f3 d5
4.exd5 Ng8f6
5.Bf1c4 Bf8d6
6.Qd1e2 Qd8e7
7.Qe2xe7 Kxe7
8.O-O Rh8e8
9.d4 Kf8
10.Nb1a3 a6
11.Bc4b3 b5
12.c4 bxc4
13.Na3xc4 Nf6e4
14.Nc4xd6 Ne4xd6
15.Bc1xf4 Bc8d7
16.Ra1c1 Bd7b5
17.Rc1xc7 Nd6e4
18.d6 Bb5xf1
19.Rc7xf7 { resign }
1-0

[Event "Tourn. n9579"]
[Site "www.chess-mail.com"]
[Date "2017.11.29"]
[Round "1"]
[White "Hansen"]
[Black "Pachi"]
[WhiteElo "1560"]
[BlackElo "1640"]
[Result "0-1"]
[Round "1"]
1.e4 e5
2.Bf1c4 c6
3.Qd1h5 d5
4.Qh5xe5 Ng8e7
5.Bc4b3 f6
6.Qe5h5 g6
7.Qh5f3 f5
8.e5 Bf8g7
9.d4 b6
10.Bc1g5 Qd8d7
11.Ng1h3 h6
12.Bg5f4 g5
13.Bf4d2 g4
14.Qf3e3 gxh3
15.e6 Qd7xe6
16.Nb1c3 Bg7xd4
17.Qe3xe6 Bc8xe6
18.O-O-O hxg2
19.Rh1e1 Be6f7
20.Nc3e2 Bf7h5
21.c3 Bd4xf2
22.Ne2f4 Bf2xe1
23.Rd1xe1 Kf7
24.Nf4xh5 Nb8d7
25.c4 Nd7c5
26.Nh5f4 Rh8g8
27.cxd5 g1Q
28.Re1xg1 Rg8xg1
29.Kc2 Ra8d8
30.dxc6 Ke8
31.Bd2e3 Rg1f1
32.Nf4h5 Nc5xb3
33.axb3 Ne7xc6
34.Nh5g3 Rf1f3
35.Be3xh6 Nc6d4
36.Kb1 Nd4xb3
37.Ka2 Rd8d1
38.Ka3 Nb3c5
39.Kb4 Rd1b1
40.Kc4 Rb1xb2
41.Kd5 Rb2xh2
42.Bh6g7 Rf3xg3
43.Bg7e5 Rh2d2
44.Kc6 Rg3g6
45.Kb5 Rd2d5
46.Be5h2 Kd7
47.Kc4 Kc6
48.Bh2b8 Rg6g4
49.Kc3 Rd5d3
50.Kc2 Rg4g2
{ resign }
0-1

[Event "Tourn. n9596"]
[Site "www.chess-mail.com"]
[Date "2017.11.29"]
[Round "1"]
[White "Attatroll"]
[Black "Dussek"]
[WhiteElo "2000"]
[BlackElo "1830"]
[Result "0-1"]
[Round "1"]
1.e4 e6
2.d4 d5
3.Nb1c3 Bf8b4
4.Ng1f3 Nb8c6
5.e5 Ng8e7
6.Bf1b5 Bc8d7
7.O-O a6
8.Bb5xc6 Ne7xc6
9.a3 Bb4xc3
10.bxc3 Nc6e7
11.Bc1g5 h6
12.Bg5h4 g5
13.Bh4g3 Ne7f5
14.Qd1d3 Bd7b5
15.Qd3d2 Bb5xf1
16.Kxf1 Nf5xg3
17.hxg3 f6
18.Ra1e1 f5
19.Re1b1 b6
20.Qd2d3 Qd8e7
21.a4 Kf7
22.a5 b5
23.Rb1b3 Ra8c8
24.Qd3e2 g4
25.Nf3h4 Qe7g5
26.Ke1 c5
27.f4 Qg5e7
28.Kd2 c4
29.Rb3b1 Rc8b8
30.Rb1b4 Qe7c7
31.Kc1 Qc7xa5
32.Nh4xf5 Qa5a1
33.Kd2 a5
34.Nf5d6 Ke7
35.Rb4xb5 h5
36.f5 Rb8xb5
37.f6 Kf8
38.Nd6xb5 Qa1b1
39.Nb5d6 Qb1b8
40.Qe2e3 Qb8c7
41.Qe3g5 Qc7h7
42.f7 Qh7h6
43.Qg5xh6 Rh8xh6
44.Kc1 h4
45.gxh4 Rh6xh4
46.Kb2 Rh4h2
{ resign }
0-1

[Event "Tourn. n9595"]
[Site "www.chess-mail.com"]
[Date "2017.11.29"]
[Round "1"]
[White "Cal"]
[Black "Madz123456"]
[WhiteElo "1680"]
[BlackElo "1640"]
[Result "0-1"]
[Round "1"]
1.d4 d5
2.h3 e6
3.a3 c5
4.dxc5 Bf8xc5
5.Nb1c3 Ng8f6
6.Ng1f3 Nb8c6
7.Bc1f4 d4
8.Nc3a4 Qd8a5
9.c3 dxc3
10.Na4xc3 Nf6e4
11.e3 Ne4xc3
12.Qd1c2 Nc3d5
13.Nf3d2 Nd5xf4
14.exf4 Nc6d4
15.Qc2d3 O-O
16.Ra1c1 Bc5b6
17.Rc1c3 e5
18.fxe5 Qa5xe5
19.Nd2e4 Bc8f5
20.f3 Ra8d8
21.g4 Nd4xf3
22.Qd3xf3 Bf5xe4
23.Qf3e2 Rf8e8
{ resign }
0-1

[Event "Tourn. n9590"]
[Site "www.chess-mail.com"]
[Date "2017.11.29"]
[Round "1"]
[White "Falcoale"]
[Black "Luban"]
[WhiteElo "2000"]
[BlackElo "2070"]
[Result "1-0"]
[Round "1"]
1.e4 c5
2.d4 cxd4
3.Qd1xd4 Nb8c6
4.Qd4d1 d6
5.Ng1f3 Bc8g4
6.h3 Bg4xf3
7.Qd1xf3 e6
8.c3 Ng8f6
9.Bf1b5 Qd8c7
10.Bc1g5 Bf8e7
11.O-O O-O
12.Bg5f4 a6
13.Bb5a4 b5
14.Ba4c2 Nc6d4
15.cxd4 Qc7xc2
16.Nb1c3 Qc2xb2
17.Bf4g5 Rf8e8
18.Ra1b1 Qb2a3
19.Rb1b3 Qa3a5
20.Bg5d2 Qa5xa2
21.Nc3xa2 { resign }
1-0

[Event "Match"]
[Site "www.echecsemail.com"]
[Date "2017.11.29"]
[Round "1"]
[White "Iko"]
[Black "Begory"]
[WhiteElo "1610"]
[BlackElo "999"]
[Result "1/2-1/2"]
[Round "1"]
1.e4 e5
2.Ng1f3 Nb8c6
3.Bf1b5 Nc6e7
4.Nf3xe5 c6
5.Bb5d3 d6
6.Ne5f3 Bc8g4
7.h3 Bg4h5
8.g4 Bh5g6
9.Nf3h4 d5
10.exd5 Qd8xd5
11.Qd1f3 Qd5xf3
12.Nh4xf3 Bg6xd3
13.cxd3 Ng8f6
14.g5 Nf6d7
15.Nb1c3 Ne7g6
16.b3 Bf8c5
17.O-O O-O
18.Bc1b2 Ng6f4
19.d4 Bc5xd4
20.Nc3a4 Nf4xh3
21.Kh2 Bd4xb2
22.Na4xb2 Nh3f4
23.Ra1c1 Rf8e8
24.Rc1c4 Nf4e6
25.Rf1g1 Nd7b6
26.Rc4b4 Nb6d5
27.Rb4xb7 Nd5b6
28.Nb2c4 Ne6c5
29.Rb7c7 Re8c8
30.Rc7e7 Nb6d5
31.Nc4d6 Nd5xe7
32.Nd6xc8 Ra8xc8
33.Nf3e5 Ne7f5
34.Rg1g4 Rc8d8
35.b4 Nc5e6
36.Ne5xc6 Rd8xd2
37.Rg4f4 Ne6xf4
38.Nc6xa7 Rd2xa2
39.Na7c6 Nf4d3
40.b5 Ra2xf2
41.Kg1 Rf2b2
42.Nc6d4 Nf5d6
43.Kf1 Nd6xb5
44.Nd4c6 g6
45.Nc6e7 Kf8
46.Ne7d5 Nd3e5
47.Nd5f6 Nb5d4
48.Nf6xh7 Kg7
49.Nh7f6 Ne5f3
50.Nf6e8 Kf8
51.Ne8g7 Kxg7

1/2-1/2